000 00900pam a2200301 a 4500
001 460450
003 OSt
005 20230620082113.0
008 830216s1984 njua b 001 0 eng
010 _a 83003288
020 _a0135969735
020 _a0135969654 (pbk.)
040 _aDLC
_cDLC
_dDLC
050 0 0 _aJC330
_b.D34 1984
082 0 0 _a320
_219
_bDAH
100 1 _aDahl, Robert A.,
_d1915-2014.
245 1 0 _aModern political analysis /
_cRobert A. Dahl.
250 _a4th ed.
260 _aEnglewood Cliffs, N.J. :
_bPrentice-Hall,
_cc1984.
300 _axiv, 157 p. :
_bill. ;
_c24 cm.
440 0 _aPrentice-Hall foundations of modern political science series
500 _aIncludes index.
504 _aBibliography: p. 146-148.
650 0 _aPower (Social sciences)
650 0 _aPolitical science.
906 _a7
_bcbc
_corignew
_d1
_eocip
_f19
_gy-gencatlg
942 _2ddc
_cBK
999 _c1453
_d1453